| 000 | 01591nam a2200337 c 4500 | ||
|---|---|---|---|
| 003 | BLK | ||
| 005 | 20180420231040.0 | ||
| 008 | 180409b bul|||||r ||||||| ||bul|| | ||
| 010 | _aKNG00120722000 | ||
| 040 | _aBLK | ||
| 041 |
_aRUS _cRUS |
||
| 080 |
_aХудожествени предмети от стъкло и кристал. Витражно изкуство _b748 _x(075.8) _z748(075.8) |
||
| 100 | 1 |
_aЛанцетти, Александр Георгиевич _eпърви автор _987672 |
|
| 700 | 1 |
_aНестеренко, Марина Леонидовна _eсъавт. _9314012 |
|
| 139 |
_aЛанцетти, Александр Георгиевич и др. _bЛ 23 |
||
| 245 | 1 | 0 |
_aИзготовление художестевенного стекла _bУчеб. для худож. вузов и худож. - пром. училищ. _cАлександр Георгиевич Ланцетти; съавт. Марина Леонидовна Нестеренко. |
| 250 | _a2. перераб. и доп. изд. | ||
| 257 | _aSUN | ||
| 260 |
_аМосква _bВысшая школа _c1987 |
||
| 300 |
_a304 с. _bс ил. _c21 см |
||
| 380 | _a7 | ||
| 650 | 4 |
_aПриложно и декоративно изкуство _9248151 |
|
| 653 | _aприложно изкуство | ||
| 653 | _aстъкло | ||
| 653 | _aучебници за ВУЗ | ||
| 852 | _aЦб 152390 | ||
| 856 | 4 |
_qpdf _u |
|
| 856 | 4 |
_qpdf _u |
|
| 942 |
_cKNG _n0 |
||
| 944 |
_aCR _c11.01.2011 _lдобави в АБ / 10.01.2011 _kНаталия_Любомирова |
||
| 944 |
_aED _c11.01.2011 _lдобави в АБ / 10.01.2011 _k |
||
| 999 |
_c115247 _d115247 |
||